| 000 | 00481nja a2200181 a 4500 | ||
|---|---|---|---|
| 003 | BLK | ||
| 005 | 20180414204338.0 | ||
| 008 | 180414c bul|r|ner|||| 00| c0bul d | ||
| 010 | _aNOT00002546055 | ||
| 040 | _aBLK | ||
| 245 | 1 | 0 | _aГоненица |
| 257 | _aBGR | ||
| 380 | _a7 | ||
| 773 |
_0312219 _9664692 _tХристоматия по задължително пиано |
||
| 852 | _aЦб М ІІ 10425 | ||
| 942 |
_cNOT _n0 |
||
| 944 |
_aCR _c04.06.2008 _kИрена_Линкова |
||
| 944 |
_aED _c05.06.2008 _k |
||
| 999 |
_c312274 _d312274 |
||